000 00555nam a2200181 a 4500
005 20210219160442.0
008 081108s2001 mx r 000 0 spa d
035 _aUPN01000165664
049 _aUNE
080 _aDO 341.16: 001 (086) "2001" DOC 31a.
111 2 _aUNESCO. Conferencia General
_n(31a. :
_d2001 :
_cParís)
245 0 0 _aDocumentos de la conferencia general, 31a.
260 _aParis :
_bUNESCO,
_c2001.
300 _apág. irregular
690 _aDocumentos de reunión
690 _aConferencia General de la UNESCO
905 _aUNESCO
999 _c137776
_d137776